Database Management Systems (Record no. 137270)

000 -LEADER
fixed length control field 00305nam a2200109Ia 4500
008 - FIXED-LENGTH DATA ELEMENTS--GENERAL INFORMATION
fixed length control field 220120s9999||||xx |||||||||||||| ||und||
100 ## - MAIN ENTRY--PERSONAL NAME
Personal name Ramakrishna, raghu, Gehrke, johannes
245 #0 - TITLE STATEMENT
Title Database Management Systems
260 ## - PUBLICATION, DISTRIBUTION, ETC.
Place of publication, distribution, etc. Mc graw hill
Name of publisher, distributor, etc. Bangalooru
300 ## - PHYSICAL DESCRIPTION
Other physical details 125
650 ## - SUBJECT ADDED ENTRY--TOPICAL TERM
Topical term or geographic name entry element COMMUNICATION SYSTEM
Holdings
Withdrawn status Lost status Damaged status Not for loan Collection code Home library Current library Date acquired Barcode Date last seen Price effective from Koha item type
        Computer Science and Engineering Central Library Central Library 01/20/2022 GF1129 01/20/2022 01/20/2022 Gift Books

Powered by Koha